291 Doppelstern ephemeriden fur di jahre 1975-2000 (Record no. 5653)
[ view plain ]
| 000 -LEADER | |
|---|---|
| fixed length control field | 00540nam a2200169Ia 4500 |
| 003 - CONTROL NUMBER IDENTIFIER | |
| control field | IN-BaIIA |
| 008 - FIXED-LENGTH DATA ELEMENTS--GENERAL INFORMATION | |
| fixed length control field | 211028s9999 xx 000 0 eng d |
| 040 ## - CATALOGING SOURCE | |
| Transcribing agency | IIA Library |
| 080 ## - UNIVERSAL DECIMAL CLASSIFICATION NUMBER | |
| Universal Decimal Classification number | 083.8:52 |
| Item number | WED |
| 100 ## - MAIN ENTRY--PERSONAL NAME | |
| Personal name | Wepner, Wolfgang |
| 9 (RLIN) | 9814 |
| 245 #0 - TITLE STATEMENT | |
| Title | 291 Doppelstern ephemeriden fur di jahre 1975-2000 |
| Statement of responsibility, etc. | Wolfgang Wepner |
| 260 ## - PUBLICATION, DISTRIBUTION, ETC. | |
| Place of publication, distribution, etc. | Dusseldorf |
| Name of publisher, distributor, etc. | Treugesel Verlag |
| Date of publication, distribution, etc. | 1977 |
| 300 ## - PHYSICAL DESCRIPTION | |
| Extent | 100p. |
| 650 ## - SUBJECT ADDED ENTRY--TOPICAL TERM | |
| Topical term or geographic name entry element | Astronomy and Astrophysics Thesaurus |
| 650 ## - SUBJECT ADDED ENTRY--TOPICAL TERM | |
| Topical term or geographic name entry element | Catalogue-Ephemeriden |
| 9 (RLIN) | 9815 |
| 942 ## - ADDED ENTRY ELEMENTS (KOHA) | |
| Koha item type | Books |
| Withdrawn status | Lost status | Damaged status | Not for loan | Home library | Current library | Shelving location | Date acquired | Total Checkouts | Full call number | Barcode | Date last seen | Price effective from | Koha item type |
|---|---|---|---|---|---|---|---|---|---|---|---|---|---|
| IIA Library-Bangalore | IIA Library-Bangalore | General Stacks | 06/12/1977 | 083.8:52/ WED | 6325 | 05/11/2021 | 06/12/1977 | Books |